[Event "1st Metropolitan International"]
[Site "Los Angeles USA"]
[Date "2011.08.21"]
[Round "8"]
[White "Gurevich,D"]
[Black "Rosen,E"]
[Result "1/2-1/2"]
[WhiteElo "2479"]
[BlackElo "2216"]

1.d4 Nf6 2.Nf3 e6 3.c4 d5 4.Nc3 Be7 5.Bf4 O-O 6.e3 Nbd7 7.c5 c6 8.Bd3 b6
9.b4 a5 10.a3 Ba6 11.Bxa6  1/2-1/2

[Event "BDO Challengers"]
[Site "Haarlem NED"]
[Date "2011.08.26"]
[Round "7.1"]
[White "Brown,An"]
[Black "Peelen,P"]
[Result "1-0"]
[WhiteElo "2202"]
[BlackElo "2354"]

1.d4 Nf6 2.c4 e6 3.Nf3 d5 4.Nc3 Be7 5.Bf4 O-O 6.e3 Nbd7 7.cxd5 Nxd5 8.Nxd5 exd5
9.Bd3 Bb4+ 10.Kf1 c6 11.a3 Be7 12.Qc2 Nf6 13.h3 Bd6 14.Be5 h6 15.g4 Re8 16.Kg2 Ne4
17.Bxe4 dxe4 18.Qxe4 Be6 19.Bxd6 Qxd6 20.Qf4 Qxf4 21.exf4 Bd5 22.Rhe1 Rad8
23.Re3 Kf8 24.Rae1 Re6 25.Rxe6 Bxe6 26.Kg3 Bd5 27.Ne5 Ba2 28.Rd1 Ke7 29.Kf3 Kd6
30.Ke3 f6 31.Nd3 Re8+ 32.Kd2 Bc4 33.Re1 Rxe1 34.Nxe1 Kd5 35.Ke3 Bf1 36.h4 b6
37.b3 a5 38.f5 a4 39.bxa4 Kc4 40.Nf3 Kc3 41.Nd2 Bh3 42.f3 h5 43.Ne4+ Kb3
44.Kf4 Kxa4 45.gxh5 Kxa3 46.Nxf6 b5 47.Nd7 b4 48.Nc5 b3 49.Nxb3 Kxb3 50.f6 Be6
51.fxg7 Kc4 52.h6 Bg8 53.Ke5 c5 54.dxc5  1-0

[Event "TCh-SUI 2011"]
[Site "Switzerland SUI"]
[Date "2011.08.28"]
[Round "7.3"]
[White "Volke,K"]
[Black "Nuri,Kam"]
[Result "1-0"]
[WhiteElo "2444"]
[BlackElo "2300"]

1.d4 Nf6 2.c4 e6 3.Nc3 d5 4.Nf3 Be7 5.Bf4 O-O 6.e3 Nbd7 7.a3 c5 8.cxd5 Nxd5
9.Nxd5 exd5 10.dxc5 Nxc5 11.Be2 Bf6 12.Be5 Re8 13.Bxf6 Qxf6 14.Qd4 Qe7 15.Qxd5 Bg4
16.O-O Red8 17.Qc4 Be6 18.Qf4 Nb3 19.Rad1 Qc5 20.Bd3 h6 21.Qe4 g6 22.Qf4 Kg7
23.h3 Rd7 24.Be2 Rad8 25.Qe5+ Qxe5 26.Nxe5 Rd5 27.Rxd5 Rxd5 28.Nf3 Rc5 29.Bd3 a5
30.Rd1 b6 31.Nd4 Nxd4 32.exd4 Rc7 33.f3 Kf6 34.Kf2 g5 35.g4 Bb3 36.Re1 Rd7
37.Ke3 Re7+ 38.Kd2 Rd7 39.Kc3 Be6 40.Re5 Rc7+ 41.Kd2 Rd7 42.Ke3 Ke7 43.Be4 Rd6
44.Bf5 Kf6 45.Bxe6 fxe6 46.Rb5 Rc6 47.Ke4 Ke7 48.f4 gxf4 49.Kxf4 Kf6 50.Ke4 Rd6
51.h4 Rc6 52.Rb3 Rd6 53.Rf3+ Ke7 54.a4 Rd8 55.Rb3 Rd6 56.Rc3 Rd5 57.Rc6 b5
58.Rc5  1-0

[Event "TCh-SRB Premier Men"]
[Site "Valjevo SRB"]
[Date "2011.08.28"]
[Round "2.1"]
[White "Nikolov,Mo"]
[Black "Pavlovic,Milos"]
[Result "1/2-1/2"]
[WhiteElo "2589"]
[BlackElo "2541"]

1.d4 d5 2.Nf3 e6 3.c4 Be7 4.Nc3 Nf6 5.Bf4 O-O 6.e3 c5 7.dxc5 Bxc5 8.cxd5 Nxd5
9.Nxd5 exd5 10.a3 Nc6 11.Bd3 Bb6 12.O-O Qf6 13.b4 Bf5 14.Qc2 Bxd3 15.Qxd3 d4
16.Bg5 Qd6 17.exd4 Nxd4 18.Nxd4 Qxd4 19.Qxd4 Bxd4 20.Rad1 Bb2 21.a4 f6 22.Be3 Rfd8
23.g3 Kf7 24.Rfe1 Rxd1 25.Rxd1 Ke6 26.Kg2 b6 27.a5 bxa5 28.bxa5 a6 29.Rd3 Be5
30.Bb6  1/2-1/2

[Event "18th Graz Open"]
[Site "Graz AUT"]
[Date "2011.08.30"]
[Round "4"]
[White "Matosec,T"]
[Black "Spalir,J"]
[Result "0-1"]
[WhiteElo "2070"]
[BlackElo "2155"]

1.c4 e6 2.d4 d5 3.Nc3 Nf6 4.Nf3 Be7 5.Bf4 O-O 6.a3 c5 7.dxc5 Bxc5 8.e3 Nc6
9.Qc2 Re8 10.O-O-O Qa5 11.Nd2 Be7 12.Bd3 h6 13.h4 e5 14.cxd5 exf4 15.Nc4 Qc7
16.d6 Qb8 17.dxe7 fxe3 18.Nxe3 Be6 19.g4 Nxg4 20.Rhg1 h5 21.Ned5 Nxe7 22.Bb5 Nxd5
23.Nxd5 Bxd5 24.Bxe8 Qf4+ 25.Qd2 Rc8+ 26.Kb1 Be4+ 27.Ka1 Qxd2 28.Rxd2 Rxe8
29.Rg3 Bc6 30.b4 Re1+ 31.Kb2 Rf1 32.Kc3 Rxf2 33.Rd8+ Kh7 34.Kc4 a6 35.Kc5 f5
36.Rf8 f4 37.Rd3 f3 38.Rdd8 Rc2+ 39.Kb6 f2 40.a4 Nf6  0-1

[Event "Circuito CBX IM"]
[Site "Natal BRA"]
[Date "2011.08.30"]
[Round "8"]
[White "Barreto Filho,C"]
[Black "Macedo,MIa"]
[Result "1/2-1/2"]
[WhiteElo "2314"]
[BlackElo "2309"]

1.d4 d5 2.c4 e6 3.Nf3 Nf6 4.Nc3 Be7 5.Bf4 O-O 6.e3 a6 7.cxd5 exd5 8.Rc1 Bf5
9.Qb3 Ra7 10.Be2 c6 11.O-O Nbd7 12.Ne5 Nxe5 13.Bxe5 Ne4 14.Nxe4 Bxe4 15.Rfd1  1/2-1/2

[Event "TCh-SRB Premier Men"]
[Site "Valjevo SRB"]
[Date "2011.08.30"]
[Round "4.3"]
[White "Vuckovic,Bo"]
[Black "Abramovic,B"]
[Result "1/2-1/2"]
[WhiteElo "2623"]
[BlackElo "2464"]

1.d4 d5 2.c4 e6 3.Nc3 Be7 4.Nf3 Nf6 5.Bf4 O-O 6.e3 c5 7.dxc5 Bxc5 8.a3 Nc6
9.Qc2 Be7 10.Rd1 Qa5 11.Be2 Ne4 12.cxd5 Nxc3 13.bxc3 exd5 14.O-O Bf6 15.c4 Be6
16.Bg5 dxc4 17.Bxf6 gxf6 18.Bxc4 Qc5 19.Rc1 Bxc4 20.Qxc4 Qxc4 21.Rxc4 Rfd8
22.Rfc1 Rd3 23.R4c3 Rad8 24.Kf1 Rxc3 25.Rxc3 Rd1+ 26.Ke2 Rb1 27.Nd4 Rb2+
28.Kf3 Nxd4+ 29.exd4 Kf8 30.Rc7 a5 31.g4 b5 32.Rb7 a4 33.Ke3 Rb3+ 34.Ke4 Rxa3
35.Rxb5 Ra1 36.Rb8+ Kg7 37.Ra8 a3 38.Kd3 f5 39.gxf5 a2 40.Kc2 Kf6 41.Kb3 Rd1
42.Rxa2 Rxd4 43.Kc3 Rh4 44.Kd3 Kxf5 45.f3 Rb4 46.Ke3  1/2-1/2

[Event "VII Ugra Governor's Cup"]
[Site "Khanty-Mansiysk RUS"]
[Date "2011.08.31"]
[Round "1"]
[White "Shomoev,A"]
[Black "Musin,Az"]
[Result "1-0"]
[WhiteElo "2577"]
[BlackElo "1851"]

1.Nf3 d5 2.d4 e6 3.c4 Be7 4.Nc3 Nf6 5.Bf4 O-O 6.e3 Ne4 7.Qc2 f5 8.cxd5 exd5
9.Nxd5 c6 10.Nc7 g5 11.Bc4+ Kg7 12.Be5+ Kg6 13.Nxa8 Bb4+ 14.Ke2 g4 15.Bxb8 gxf3+
16.gxf3 Bd7 17.Rag1+ Kh5 18.Bf4 Nd6 19.Rg7  1-0

[Event "VII Ugra Governor's Cup"]
[Site "Khanty-Mansiysk RUS"]
[Date "2011.09.01"]
[Round "2"]
[White "Ivanov,Tim"]
[Black "Purtov,K"]
[Result "1/2-1/2"]
[WhiteElo "2325"]
[BlackElo "2012"]

1.Nf3 Nf6 2.c4 e6 3.Nc3 d5 4.d4 Be7 5.Bf4 O-O 6.e3 c5 7.dxc5 Bxc5 8.Qc2 Nc6
9.Rd1 Qe7 10.Bg5 dxc4 11.Bxc4 Bb4 12.O-O h6 13.Bh4 Bxc3 14.Qxc3 Re8 15.Bxf6 Qxf6
16.Qxf6 gxf6 17.Bb5 e5 18.Nd2 Be6 19.Ne4 Red8 20.Bxc6 bxc6 21.b3 Kg7 22.f3 a5
23.Nc5 Rd5 24.Rc1 Rd2 25.Rf2 Rad8 26.Rc2 Rd1+ 27.Rf1 R8d2 28.Nxe6+ fxe6 29.Rxc6 Rxf1+
30.Kxf1 Rxa2 31.Rxe6 Rb2 32.Ra6 Rxb3 33.Kf2 Ra3 34.e4 h5 35.Kg3 Ra2 36.Ra7+ Kg6
37.h4 a4 38.Kh3 a3 39.Ra6 Ra1 40.Ra7 Kh6 41.Kg3 Kg6 42.Kf2 Ra2+ 43.Kg3 Ra1
44.Kf2 Ra2+  1/2-1/2

[Event "TCh-POL Ekstraliga"]
[Site "Miedzybrodzie-Zywiec POL"]
[Date "2011.09.02"]
[Round "4.1"]
[White "Moranda,W"]
[Black "Urban,K"]
[Result "1-0"]
[WhiteElo "2577"]
[BlackElo "2464"]

1.d4 d5 2.c4 e6 3.Nf3 Nf6 4.Nc3 Be7 5.Bf4 O-O 6.e3 b6 7.cxd5 Nxd5 8.Nxd5 Qxd5
9.Bd3 Qa5+ 10.Ke2 Ba6 11.a3 c6 12.b4 Bxd3+ 13.Qxd3 Qa4 14.h4 Rc8 15.Ng5 Qb5
16.Rhc1 Qxd3+ 17.Kxd3 Nd7 18.Ne4 b5 19.Nd6 Bxd6 20.Bxd6 Nb6 21.Bc5 Na4 22.Ra2 f6
23.Rac2 Rd8 24.Ke2 Rd7 25.g4 Kf7 26.f4 h5 27.g5 f5 28.d5 cxd5 29.Bd4 g6 30.Rc7 Ke7
31.Bf6+ Ke8 32.R1c6 Nb6 33.Rxe6+ Kf8 34.Rxd7 Nxd7 35.Bd4 Kf7 36.Rd6 Nf8 37.Rxd5 a6
38.Rd6 Ne6 39.Be5 Ra7 40.Rb6 Ke7 41.Bb8 Ra8 42.Rb7+ Kd8 43.Be5 Ke8 44.Bd6 Kd8
45.Re7 Nf8 46.Rg7  1-0

[Event "18th Graz Open"]
[Site "Graz AUT"]
[Date "2011.09.04"]
[Round "9"]
[White "Zoebisch,H"]
[Black "Neubauer,Ant"]
[Result "1/2-1/2"]
[WhiteElo "2148"]
[BlackElo "1923"]

1.d4 d5 2.c4 e6 3.Nc3 Nf6 4.Nf3 Be7 5.Bf4 O-O 6.e3 c5 7.dxc5 Bxc5 8.Qc2 Nc6
9.a3 Be7 10.Rd1 a6 11.Be2 Qa5 12.O-O dxc4 13.Bxc4 b5 14.Bd3 Bb7 15.Ne4 h6
16.Nxf6+ Bxf6 17.Bh7+ Kh8 18.Be4 Rac8 19.Qb1 Rfd8 20.Bd6 Qb6 21.b4 Kg8 22.Bh7+ Kh8
23.Be4 Kg8 24.Bh7+ Kh8  1/2-1/2

[Event "Yuzhny Open"]
[Site "Yuzhny UKR"]
[Date "2011.09.04"]
[Round "2.17"]
[White "Yavorovsky,V"]
[Black "Afanasjev,An"]
[Result "1/2-1/2"]
[WhiteElo "2263"]
[BlackElo "2045"]

1.d4 d5 2.c4 e6 3.Nc3 Nf6 4.Nf3 Be7 5.Bf4 c6 6.e3 O-O 7.h3 Nbd7 8.c5 b6 9.b4 a5
10.a3 Re8 11.Bd3 Bb7 12.O-O Nh5 13.Bh2 g6 14.Qc2 Bf6 15.e4 e5 16.exd5 cxd5
17.dxe5 Nxe5 18.Nxe5 Bxe5 19.Bxe5 Rxe5 20.f4 Re3 21.Nb5 axb4 22.c6 Bxc6 23.Qxc6 Rxd3
24.axb4 Rxa1 25.Rxa1 Qf6 26.Qxf6 Nxf6 27.Ra8+ Kg7 28.Nd6 Ne4 29.Ne8+ Kf8
30.Nd6+ Kg7 31.Ne8+ Kf8 32.Nd6+  1/2-1/2

[Event "US Chess League 2011"]
[Site "ICC INT"]
[Date "2011.09.07"]
[Round "2"]
[White "Shulman,Y"]
[Black "La Rota,F"]
[Result "1-0"]
[WhiteElo "2608"]
[BlackElo "2279"]

1.d4 d5 2.c4 e6 3.Nc3 Be7 4.Nf3 Nf6 5.Bf4 Nh5 6.Be5 Nc6 7.e3 dxc4 8.Bxc4 O-O
9.Qc2 Nf6 10.Rd1 Nb4 11.Qb1 b6 12.Ng5 g6 13.h4 Nfd5 14.Nf3 Ba6 15.Bxa6 Nxa6
16.h5 Nxc3 17.bxc3 Qd5 18.hxg6 fxg6 19.a4 Nb8 20.e4 Qc6 21.d5 Qxa4 22.Bxc7 exd5
23.exd5 Qc4 24.Be5 Nd7 25.Bd4 Bf6 26.Qd3 Qxd5 27.O-O Bxd4 28.cxd4 a5 29.Rfe1 Rfe8
30.Re3 Rxe3 31.fxe3 Re8 32.Rb1 Kg7 33.Rc1 Re7 34.Rc7 Qd6 35.Qc3 Nf6 36.Rc6 Nd5
37.Rxd6 Nxc3 38.Rxb6 Rxe3 39.Ra6 a4 40.d5 Rd3 41.d6 a3 42.Ne5 Rd1+ 43.Kh2 a2
44.d7 Rd4 45.Kg3 Ne4+ 46.Kh2 Nf6 47.Rxa2 h5 48.Ra8 Nxd7 49.Ra7 Kf6 50.Nxd7+ Kf5
51.Nf8 Rh4+ 52.Kg1 Rg4 53.Rf7+ Kg5 54.Ne6+ Kh6 55.Nf4 h4 56.Kh2 g5 57.Rf6+ Kg7
58.Nd5 Rd4 59.Rf5 Kg6 60.Ne7+ Kh5 61.Rc5 Rf4 62.Nc6 Kh6 63.Kh3 Re4 64.Ne5 Kg7
65.Ng4 Kg6 66.Rc6+ Kg7 67.Rc3 Ra4 68.Rc7+ Kg6 69.Rc6+ Kg7 70.Ne5 Ra3+ 71.Kh2 Rg3
72.Rd6 Kh7 73.Rg6 Kh8 74.Rxg5  1-0

[Event "InventiChess GM"]
[Site "Antwerp BEL"]
[Date "2011.09.08"]
[Round "6.4"]
[White "Edouard,R"]
[Black "Van der Wiel,J"]
[Result "1-0"]
[WhiteElo "2608"]
[BlackElo "2459"]

1.d4 Nf6 2.c4 e6 3.Nf3 d5 4.Nc3 Be7 5.Bf4 O-O 6.a3 b6 7.Qc2 Bb7 8.Rd1 dxc4
9.e4 b5 10.h4 h6 11.Be2 b4 12.axb4 Bxb4 13.e5 Nd5 14.Bxh6 gxh6 15.Ng5 hxg5
16.hxg5 f5 17.gxf6 Rxf6 18.Qh7+ Kf8 19.Qh8+  1-0

[Event "XXI Gros Open"]
[Site "Donostia ESP"]
[Date "2011.09.10"]
[Round "2"]
[White "Ladron de Guevara,F"]
[Black "Izquierdo Arruferia,J"]
[Result "1-0"]
[WhiteElo "2128"]
[BlackElo "1811"]

1.d4 e6 2.c4 d5 3.Nc3 Nf6 4.Nf3 Be7 5.Bf4 O-O 6.e3 Nbd7 7.c5 b6 8.c6 Nb8
9.Qa4 Bd6 10.Bxd6 Qxd6 11.Ne5 a5 12.a3 Ba6 13.Nb5 Qe7 14.Rc1 Ne4 15.Bd3 f6
16.Nf3 Nd6 17.O-O Nc8 18.Rfd1 Rf7 19.Qc2 g6 20.Qb3 Qe8 21.e4 Bxb5 22.Bxb5 dxe4
23.Nd2 Nd6 24.Re1 Nxb5 25.Qxb5 f5 26.f3 Qd8 27.Qe5 Qg5 28.Nxe4 Qe7 29.Nf2 Qf6
30.Qxe6 Qxd4 31.Rcd1 Qc5 32.Rd8+ Kg7 33.Qe8  1-0

[Event "FIDE World Cup 2011"]
[Site "Khanty-Mansiysk RUS"]
[Date "2011.09.10"]
[Round "5.2"]
[White "Navara,D"]
[Black "Grischuk,A"]
[Result "1/2-1/2"]
[WhiteElo "2722"]
[BlackElo "2746"]

1.c4 e6 2.Nc3 d5 3.d4 Be7 4.Nf3 Nf6 5.Bf4 O-O 6.Rc1 c5 7.dxc5 Bxc5 8.e3 Nc6
9.a3 a6 10.cxd5 exd5 11.Be2 d4 12.Na4 Ba7 13.exd4 Nxd4 14.Nxd4 Qxd4 15.Qxd4 Bxd4
16.O-O Bd7 17.b3 Bb5 18.Rfd1 Bxe2 19.Rxd4 Bb5 20.Nc3 Bc6 21.Bg5 Rfe8 22.Bxf6 gxf6
23.f3 Re5 24.Kf2 Rae8 25.b4 Kg7 26.Rc2 a5 27.Rcd2 Rc8 28.Rd8 Rxd8 29.Rxd8 axb4
30.axb4 f5 31.Ne2 Rb5 32.Rd4 Kf6 33.Nc3 Re5 34.Rh4 Kg7 35.Kg3 Re1 36.Rd4 Rc1
37.Nd1 Kf6 38.Kf4 Ke7 39.Kxf5 Bd7+ 40.Kf4 Be6 41.g4 h6 42.h4 Rb1 43.Nc3 Rb2
44.h5 Rc2 45.Ne4 Rc6 46.b5 Rc2 47.Rd6 Rb2 48.Rb6 Bd5 49.Ke5 Bc6 50.g5 Rxb5+
51.Rxb5 Bxb5 52.g6 fxg6 53.hxg6 Bd3 54.Nc5  1/2-1/2

[Event "ch-Euro Youth b14"]
[Site "Albena BUL"]
[Date "2011.09.11"]
[Round "1.14"]
[White "Gajdamowicz,P"]
[Black "Harutyunian,T"]
[Result "0-1"]
[WhiteElo "1891"]
[BlackElo "2201"]

1.d4 d5 2.c4 e6 3.Nc3 Be7 4.Nf3 Nf6 5.Bf4 O-O 6.e3 Nbd7 7.cxd5 exd5 8.Bd3 c6
9.O-O Re8 10.Rc1 Nf8 11.Ne5 Bd6 12.h3 Ng6 13.Bxg6 hxg6 14.Qb3 Qe7 15.Rfe1 Nh5
16.Bh2 Qh4 17.Na4 g5 18.Nc5 Bxe5 19.Bxe5 g4 20.hxg4 Qxg4 21.Nxb7 Re6 22.Na5 Rg6
23.g3 Bd7 24.e4 dxe4 25.Qe3 Re8 26.Qxe4 Qxe4 27.Rxe4 f6 28.Rh4 Rg5 29.Nxc6 Bxc6
30.Rxc6 fxe5 31.d5 e4 32.Rc4 Nf6 33.Ra4 Re7 34.d6 Rd7 35.Rd4 Ra5 36.a3 Ra6
37.f3 exf3 38.Kf2 g5 39.Rh1 g4 40.Rhd1 Raxd6  0-1

[Event "8th LGA Premium Cup"]
[Site "Nuernberg GER"]
[Date "2011.09.11"]
[Round "6.15"]
[White "Farago,I"]
[Black "Mons,L"]
[Result "1/2-1/2"]
[WhiteElo "2488"]
[BlackElo "2296"]

1.d4 d5 2.c4 e6 3.Nf3 Nf6 4.Nc3 Be7 5.Bf4 O-O 6.a3 c5 7.dxc5 Bxc5 8.cxd5 Nxd5
9.Nxd5 exd5 10.e3 Nc6 11.Bd3 h6 12.O-O Qf6 13.b4 Bb6 14.b5 Na5 15.Be5 Qe7
16.Bc3 Nc4 17.Bxc4 dxc4 18.Bb4 Bc5 19.Qd2 Bf5 20.Rfc1 Rfd8 21.Nd4 Bxb4 22.Qxb4 Qxb4
23.axb4 Bd3 24.f3 a6 25.Kf2 axb5 26.Nxb5 Ra6 27.Rxa6 bxa6 28.Nc3 Rb8 29.Nd5 f5
30.Rc3 Rb5 31.Nf4 Rxb4 32.Nxd3 cxd3 33.Rxd3 f4 34.Rd8+ Kf7 35.Rd7+ Ke6 36.Rxg7 Rb2+
37.Kf1 fxe3 38.Rg6+ Ke5 39.Rxa6 Rf2+ 40.Ke1 Rxg2 41.Rxh6 Kf4 42.Rf6+ Ke5
43.Rh6 Kf4 44.Rf6+  1/2-1/2

[Event "8th LGA Premium Cup"]
[Site "Nuernberg GER"]
[Date "2011.09.11"]
[Round "6.35"]
[White "Strunski,A"]
[Black "Guthmann,P"]
[Result "1-0"]
[WhiteElo "2322"]
[BlackElo "2186"]

1.d4 d5 2.c4 e6 3.Nc3 Be7 4.Nf3 Nf6 5.Bf4 O-O 6.e3 Nbd7 7.c5 c6 8.h3 Ne4
9.Nxe4 dxe4 10.Nd2 e5 11.Bxe5 Nxe5 12.dxe5 Bxc5 13.Nxe4 Bb4+ 14.Nc3 Qa5 15.Qb3 Be6
16.Bc4 Bxc3+ 17.bxc3 Bxc4 18.Qxc4 Qxe5 19.O-O Qe6 20.Qb4 b6 21.Rfd1 Rfd8
22.Qa4 a5 23.Rab1 Rxd1+ 24.Rxd1 g6 25.Rd2 b5 26.Qd4 Qe7 27.Qb6 Qa3 28.Qxc6 Qc1+
29.Kh2 Qxd2 30.Qxa8+ Kg7 31.Qxa5 Qd6+ 32.f4 Qd3 33.Qb4 Qxe3 34.Qd4+ Qxd4
35.cxd4 Kf6 36.Kg3 Ke6 37.Kf3 f5 38.Ke3 h6 39.Kd3 Kd5 40.a3 g5 41.fxg5 hxg5
42.g3 f4 43.gxf4  1-0

[Event "8th LGA Premium Cup"]
[Site "Nuernberg GER"]
[Date "2011.09.11"]
[Round "7.5"]
[White "Siebrecht,S"]
[Black "Prusikin,M"]
[Result "1-0"]
[WhiteElo "2471"]
[BlackElo "2541"]

1.c4 e6 2.Nc3 d5 3.d4 Be7 4.Nf3 Nf6 5.Bf4 O-O 6.a3 b6 7.cxd5 Nxd5 8.Nxd5 exd5
9.e3 c5 10.dxc5 bxc5 11.Bd3 Nc6 12.O-O Be6 13.Rc1 Qb6 14.Ne5 Nxe5 15.Bxe5 Rfd8
16.Qc2 g6 17.h3 Rac8 18.Qe2 Bf8 19.f4 c4 20.Bb1 Bc5 21.Rce1 d4 22.f5 d3 23.Qg4 Bxe3+
24.Kh1 Bd7 25.Qh4 g5 26.Qg3 Bd2 27.Rd1 f6 28.Rxd2 fxe5 29.f6 Kh8 30.f7 Qd4
31.Qxg5 e4 32.Rdf2 Rf8 33.Rf4 Qg7 34.Qe7 Bc6 35.R1f2 Qd4 36.Rh4 Rb8 37.Rf6 Qxb2
38.Rfh6 Qg7 39.Rxh7+  1-0

[Event "8th LGA Premium Cup"]
[Site "Nuernberg GER"]
[Date "2011.09.11"]
[Round "7.6"]
[White "Olszewski,Mi"]
[Black "Fedorovsky,M"]
[Result "0-1"]
[WhiteElo "2534"]
[BlackElo "2416"]

1.d4 Nf6 2.c4 e6 3.Nf3 d5 4.Nc3 Be7 5.Bf4 O-O 6.a3 b6 7.cxd5 Nxd5 8.Nxd5 Qxd5
9.Bxc7 Nc6 10.e3 Bb7 11.Bd3 e5 12.dxe5 Rfd8 13.Ke2 Rd7 14.Rc1 Qe6 15.Bd6 Bxd6
16.exd6 Rxd6 17.Qa4 Qf6 18.Rc3 Rad8 19.Be4 b5 20.Qxb5 Ba6 21.Qxa6 Nd4+ 22.Nxd4 Rxa6
23.Nc6 Re8 24.Nd4 g6 25.Bc6 Qxd4 26.Bxe8 Qg4+ 27.Ke1 Rd6 28.Rc1 Qxg2 29.Ke2 Qg4+
30.Ke1 Qe4  0-1

[Event "8th LGA Premium Cup"]
[Site "Nuernberg GER"]
[Date "2011.09.11"]
[Round "7.12"]
[White "Bindrich,F"]
[Black "Zude,A"]
[Result "1-0"]
[WhiteElo "2548"]
[BlackElo "2431"]

1.Nf3 Nf6 2.c4 e6 3.Nc3 d5 4.d4 Be7 5.Bf4 O-O 6.e3 c5 7.dxc5 Bxc5 8.cxd5 exd5
9.Be2 Nc6 10.O-O Be6 11.Rc1 Rc8 12.a3 Qe7 13.Na4 Bd6 14.Bxd6 Qxd6 15.Nc5 Rc7
16.Nd4 Nxd4 17.Qxd4 Rfc8 18.Nb3 Rxc1 19.Nxc1 b6 20.Nb3 Bf5 21.Qa4 Bd7 22.Qd4 Bf5
23.Qh4 Qe5 24.Nd4 Bd7 25.Ba6 Rc7 26.Bd3 h6 27.Rd1 a5 28.Re1 Rc8 29.Rd1 Bg4
30.Re1 Bd7 31.Qg3 Qxg3 32.hxg3 g6 33.f3 h5 34.Kf2 Kf8 35.Ne2 Ke7 36.Nc3 Kd6
37.Rd1 Ke7 38.Bb1 Be6 39.Ba2 Rc5 40.Rd4 Rc7 41.Ke2 Rd7 42.Kd2 Kd8 43.Ne2 Ke7
44.Nf4 Rd6 45.Ne2 Rd7 46.Nc3 Kd8 47.b4 axb4 48.Rxb4 Rd6 49.Nb5 Rc6 50.Nd4 Rd6
51.Ra4 Bd7 52.Rb4 Ne8 53.Ne2 Nc7 54.Nc3 Ke7 55.Rd4 Bc6 56.Rb4 Bd7 57.Kc2 Be8
58.Rd4 Bc6 59.Rd2 Rd7 60.Rd4 Rd6 61.Rb4 Bd7 62.Bb3 Be8 63.g4 hxg4 64.Rxg4 Bd7
65.Rb4 Bf5+ 66.Kd2 Bd7 67.g4 Be8 68.g5 b5 69.Kc2 Ra6 70.Kb2 Rd6 71.f4 Bc6
72.Rd4 Rd7 73.Rd2 Kd6 74.Ne4+ Ke7 75.Nf6 Rd8 76.Kc3 Rb8 77.Kb2 Rd8 78.Ng4 Rd6
79.Ne5 Bd7 80.Rh2 Be6 81.Rh7 Ke8 82.Nxg6 fxg6 83.Rxc7 d4 84.Bxe6 Rxe6 85.exd4 Re4
86.Kc3 Rxf4 87.Rg7 Rf3+ 88.Kb4 Rd3 89.Kc5 Rxa3 90.Rxg6 Rg3 91.Kxb5 Kf7 92.Rf6+ Ke7
93.Rf5 Kd6 94.Kc4 Ke6 95.Re5+ Kd6 96.Rb5 Kc7 97.Ra5 Kb7 98.Rf5 Kc6 99.Rf6+ Kd7
100.Rg6 Ke7 101.Kd5 Kf7 102.Rf6+ Ke7 103.Re6+ Kd7 104.Re5 Rg4 105.Rf5 Ke7
106.Ke5 Rg1 107.d5 Re1+ 108.Kf4 Rg1 109.Rf6  1-0

[Event "e2e4 Sunningdale Autumn"]
[Site "Sunningdale ENG"]
[Date "2011.09.16"]
[Round "1"]
[White "Foord,D"]
[Black "O'Toole,G"]
[Result "1-0"]
[WhiteElo "2025"]
[BlackElo "2157"]

1.Nf3 Nf6 2.c4 e6 3.Nc3 d5 4.d4 Be7 5.Bf4 O-O 6.Qc2 c5 7.dxc5 Bxc5 8.e3 Nc6
9.a3 Qa5 10.O-O-O dxc4 11.Bxc4 a6 12.Ng5 Be7 13.h4 b5 14.Nce4 g6 15.Nxf6+ Bxf6
16.Nxh7 Kxh7 17.h5 bxc4 18.hxg6+ Kg8 19.g7 Qf5 20.gxf8=Q+ Kxf8 21.Qxf5 exf5
22.Rd6  1-0

[Event "4th Mumbai Mayors Cup"]
[Site "Mumbai IND"]
[Date "2011.09.20"]
[Round "7"]
[White "Swapnil,SD"]
[Black "Aravindh,Chithambaram VR."]
[Result "1/2-1/2"]
[WhiteElo "2411"]
[BlackElo "2213"]

1.d4 Nf6 2.c4 e6 3.Nf3 d5 4.Nc3 Be7 5.Bf4 c6 6.e3 O-O 7.Bd3 Nbd7 8.O-O b6
9.cxd5 exd5 10.h3 Bb7 11.Rc1 c5 12.dxc5 Nxc5 13.Be2 Ne6 14.Be5 Ne4 15.Nd4 Nxc3
16.Rxc3 Bf6 17.Nxe6 fxe6 18.Qd4 Qe7 19.Rfc1 Rac8 20.f4 Rxc3 21.Rxc3 Rc8 22.Rxc8+ Bxc8
23.Kf2 Kf7 24.Bh5+ g6 25.Bf3 Ba6 26.g4 h6 27.Kg2 Bc8 28.Qc3 Bb7 29.Bxf6 Qxf6
30.Qc7+ Qe7 31.Qb8 Ba6 32.h4 Kg7 33.g5 hxg5 34.hxg5 Kh7 35.Kg3 Bd3 36.Qe5 Qf7
37.Qb8 Bf5 38.Be2 Qe7 39.Ba6 Be4 40.a3 Kg7 41.b4 Kh7 42.Bb5 Kg7 43.Bc6 Kh7
44.Qe5 a5 45.Qd4 axb4 46.axb4 Qa7 47.Qb2 Qa6 48.Qf6 Qe2 49.Qf7+ Kh8 50.Qf8+ Kh7
51.Qe7+ Kh8 52.Qd8+ Kh7 53.Qd7+ Kh8  1/2-1/2

[Event "2nd Biella Open A"]
[Site "Biella ITA"]
[Date "2011.09.24"]
[Round "2.4"]
[White "Malakhatko,V"]
[Black "Rambaldi,Francesco"]
[Result "1-0"]
[WhiteElo "2543"]
[BlackElo "2176"]

1.d4 Nf6 2.Nf3 e6 3.c4 d5 4.Nc3 Be7 5.Bf4 O-O 6.e3 b6 7.cxd5 Nxd5 8.Nxd5 exd5
9.Bd3 c5 10.Rc1 c4 11.Bb1 Nc6 12.O-O Bd6 13.Ne5 Ne7 14.Qh5 g6 15.Qf3 Kg7
16.Qg3 Bxe5 17.dxe5 h6 18.Rfd1 Be6 19.Qf3 Qc8 20.Rd4 Bf5 21.e4 dxe4 22.Bxe4 Bxe4
23.Rxe4 Qe6 24.Rexc4 Rac8 25.b3 Rfd8 26.h3 Rxc4 27.Rxc4 Qd5 28.Bxh6+ Kxh6
29.Rh4+ Kg7 30.Qf6+ Kf8 31.e6 Qxe6 32.Rh8+ Ng8 33.Qxd8+ Kg7 34.Rxg8+ Kh7
35.Re8  1-0

[Event "TCh-HUN 2011-12"]
[Site "Kecskemet HUN"]
[Date "2011.09.25"]
[Round "1"]
[White "Aczel,G"]
[Black "Polyak,I1"]
[Result "1-0"]
[WhiteElo "2424"]
[BlackElo "2131"]

1.d4 d5 2.c4 e6 3.Nc3 Nf6 4.Nf3 Be7 5.Bf4 O-O 6.e3 c6 7.a3 Nbd7 8.h3 b6 9.cxd5 exd5
10.Bd3 Bb7 11.O-O Re8 12.Rc1 Bf8 13.Qc2 h6 14.Rfd1 Rc8 15.Qe2 b5 16.Ne5 a5
17.Qf3 b4 18.axb4 axb4 19.Na4 Nxe5 20.dxe5 Nd7 21.Bf5 Ra8 22.Bxd7 Qxd7 23.Nb6 Qf5
24.Nxa8 Rxa8 25.Qe2 Ra2 26.Bg3 Ba6 27.Qd2 Bc4 28.Re1 b3 29.e4 Qe6 30.f4 dxe4
31.Rxe4 Bd5 32.Re2 Qg6 33.Kh2 Ra4 34.Qe3 Be7 35.Rd2 Qe6 36.Qb6 h5 37.Qf2 Qf5
38.h4 Qg4 39.Qe2 Qf5 40.Rc3 Rb4 41.Rd1 g6 42.Rdc1 Qe6 43.Qd1 Ra4 44.Rd3 Ra2
45.Rd2 Bb4 46.Rf2 Qf5 47.Qd4 Be7 48.Qe3 Ra4 49.Rc3 Rb4 50.Qa7 Qe6 51.Qa8+ Kg7
52.Qe8 Rb7 53.Qa8 Qd7 54.Qa6 Ra7 55.Qd3 Qg4 56.f5 Bxh4 57.Rf4 Bxg3+ 58.Qxg3 Qxg3+
59.Rxg3 Ra2 60.Rf2 h4 61.Rg4 Kh6 62.fxg6 fxg6 63.Rxh4+ Kg5 64.Rh3 Ra4 65.Rg3+ Rg4
66.Kh3 Be6 67.Rxg4+ Bxg4+ 68.Kg3 Bd1 69.e6 Bg4 70.e7 Bd7 71.Rd2  1-0

[Event "Tatry Open"]
[Site "Tatranske Zruby SVK"]
[Date "2011.09.25"]
[Round "1"]
[White "Vul,A"]
[Black "Koval,A"]
[Result "1-0"]
[WhiteElo "2321"]
[BlackElo "2177"]

1.Nf3 Nf6 2.c4 e6 3.Nc3 d5 4.d4 Be7 5.Bf4 O-O 6.e3 b6 7.cxd5 exd5 8.Bd3 c5
9.dxc5 bxc5 10.O-O Bb7 11.Rc1 Nbd7 12.Qe2 Qb6 13.Rfd1 Rfd8 14.b3 Rac8 15.Ne5 Nxe5
16.Bxe5 Qe6 17.Bg3 Bd6 18.Bxd6 Qxd6 19.Bf5 Rb8 20.Na4 c4 21.bxc4 Qb4 22.Nb2 Ba6
23.Nd3 Qa3 24.c5 g6 25.c6 Re8 26.c7 Ra8 27.Bh3 Ne4 28.Qb2 Qd6 29.Nf4 Nf6
30.Qd4 Bb7 31.g3 g5 32.Nxd5 Nxd5 33.c8=Q Bxc8 34.Bxc8 Raxc8 35.Rxc8 Rxc8
36.Qxd5 Qf6 37.Qd4 Qa6 38.Qg4 h6 39.h4  1-0

[Event "Vasteras Open"]
[Site "Vasteras SWE"]
[Date "2011.09.25"]
[Round "7"]
[White "Angskog,K"]
[Black "Akesson,R"]
[Result "0-1"]
[WhiteElo "2206"]
[BlackElo "2421"]

1.Nf3 Nf6 2.c4 e6 3.Nc3 d5 4.d4 Be7 5.Bf4 O-O 6.e3 Nbd7 7.Rc1 c5 8.dxc5 Nxc5
9.a3 dxc4 10.Bxc4 a6 11.b4 Qxd1+ 12.Rxd1 Ncd7 13.Bd6 Bxd6 14.Rxd6 b5 15.Bb3 Bb7
16.O-O Rfc8 17.Ne2 Kf8 18.Rdd1 Ke7 19.Rc1 Nb6 20.Ne5 Ne4 21.Nd4 Nd2 22.Rfd1 Rxc1
23.Rxc1 Rc8 24.Rxc8 Bxc8 25.Bc2 f6 26.Nec6+ Kd6 27.Na5 g6 28.Nf3 Ndc4 29.Nxc4+ Nxc4
30.a4 bxa4 31.Bxa4 Nb6 32.Bb3 Nd5 33.e4 Nxb4 34.e5+ Ke7 35.exf6+ Kxf6 36.Nd2 Bb7
37.f4 e5 38.fxe5+ Kxe5 39.Bg8 h6 40.Nc4+ Kd4 41.Nd6 Bd5 42.Bh7 Ke5 43.Nc8 Kf6  0-1

[Event "Tatry Open"]
[Site "Tatranske Zruby SVK"]
[Date "2011.09.27"]
[Round "3.41"]
[White "Kulago,A"]
[Black "Kopnicky,F"]
[Result "1-0"]
[WhiteElo "2112"]
[BlackElo "1964"]

1.Nf3 Nf6 2.c4 e6 3.Nc3 d5 4.d4 Be7 5.Bf4 O-O 6.Rc1 c6 7.c5 Qa5 8.e3 Ne4
9.Qb3 Nd7 10.Bd3 f5 11.O-O Qd8 12.Bxe4 fxe4 13.Ne5 Nxe5 14.Bxe5 b6 15.Na4 Ba6
16.Rfe1 Bc4 17.Qc2 b5 18.Nc3 a5 19.b3 Bd3 20.Qd1 b4 21.Na4 Bf6 22.Bd6 Be7
23.Be5 Bf6 24.Bg3 Bb5 25.Nb6 Ra7 26.Qg4 Re8 27.f3 exf3 28.gxf3 e5 29.Rcd1 Rf7
30.e4 exd4 31.e5 Be7 32.e6 Rf6 33.Nd7 Rg6 34.Qxd4 Bh4 35.Ne5 Bxg3 36.hxg3 Rxg3+
37.Kf2 Qg5 38.Ng4 Qh4 39.Nf6+ Qxf6 40.Qxf6 gxf6 41.Kxg3 Re7  1-0

[Event "27th ECC"]
[Site "Rogaska Slatina SLO"]
[Date "2011.09.28"]
[Round "4.2"]
[White "Moiseenko,A1"]
[Black "Bologan,V"]
[Result "0-1"]
[WhiteElo "2726"]
[BlackElo "2656"]

1.d4 d5 2.c4 e6 3.Nf3 Nf6 4.Nc3 Be7 5.Bf4 O-O 6.a3 b6 7.e3 Ba6 8.Qa4 h6 9.Rc1 dxc4
10.Bxc4 Bb7 11.O-O a6 12.Ne5 Bd6 13.Qc2 Nbd7 14.h3 Qe7 15.Rfd1 Rfd8 16.e4 Nh5
17.Bh2 Bxe5 18.dxe5 Qg5 19.Qd2 Nc5 20.Qxg5 hxg5 21.Rxd8+ Rxd8 22.b4 Nd7 23.Rd1 Kf8
24.h4 gxh4 25.Be2 g6 26.Bxh5 gxh5 27.Bf4 Ke8 28.Bg5 Rc8 29.f4 b5 30.Bxh4 c5
31.Rd3 cxb4 32.axb4 Rc4 33.Rg3 Kf8 34.Bg5 Bxe4 35.Nxe4 Rxe4 36.Rd3 Nb6 37.Rd6 Nd5
38.Rxa6 Kg7 39.Kf2 Rxb4 40.f5 Rg4 41.Bd2 exf5 42.Rd6 Nf4 43.Rb6 Rxg2+ 44.Kf3 Rg6
45.Rxb5 Ne6 46.Be3 h4 47.Rb1 Rg3+ 48.Ke2 Kg6 49.Rb8 Kg7 50.Rb1 Rg4 51.Kf3 Kh7
52.Rb7 Kg6 53.Rb8 Ra4 54.Rg8+ Kh7 55.Rg1 Ra3 56.Ke2 f4 57.Bf2 h3 58.Rg4 Kh6
59.Kf1 Kh5 60.Rh4+ Kg5 61.Rh7 Kg6 62.Rh4 Kf5 63.Rh7 Ng5 64.Rh5 Kg4  0-1